| 000 | 00526nam a2200181Ia 4500 | ||
|---|---|---|---|
| 003 | GCL | ||
| 008 | 140319s9999 xx 000 0 ara d | ||
| 040 |
_aGCL / _cGCL |
||
| 082 | 0 | 4 |
_a814.008 _bو س |
| 100 | 1 | _aوداد سكاكينى | |
| 245 | 1 | 0 |
_aسواد فى بياض / _cوداد سكاكينى |
| 300 | _a222 ص | ||
| 490 |
_aالهيئة العامة للاستعلامات _v0 |
||
| 650 | 0 | 4 | _aالادب العربى |
| 650 | 0 | 4 | _aالمقالات العربية |
| 650 | 0 | 4 | _aالمقالات |
| 942 |
_2ddc _cBK |
||
| 999 |
_c50934 _d50934 |
||